| 000 | 01100nam a2200337 a 4500 | ||
|---|---|---|---|
| 001 | vtls001440076 | ||
| 003 | NLI | ||
| 005 | 20210627122016.0 | ||
| 008 | 121130s1993 ii g 000 0beng | ||
| 020 | _cRs.28.00 (pbk.) | ||
| 039 | 9 |
_a201309241637 _bkrishanuc _y201211301652 _zVLOAD |
|
| 040 |
_aNLI _beng _cDatasoft_GENG _eAACR2 |
||
| 041 | 0 | _aeng | |
| 044 | _aii | ||
| 082 | 0 | 4 |
_a294.555 _222 |
| 100 | 0 |
_aPrabhananda, _cSwami _91003527 |
|
| 245 | 1 | 0 |
_aMore about Ramakrishna / _cby Prabhananda |
| 260 |
_aCalcutta : _bAdvaita Ashrama, _c1993 |
||
| 300 |
_a276 p. ; _c18 cm. |
||
| 504 | _aBibliography: p. 275-276 | ||
| 600 | 0 | 0 |
_aRamakrishna, _cPramahansa, _d1836-1886 _9999825 |
| 650 | 0 |
_aReligious leaders _zIndia _xBiography _9686736 |
|
| 650 | 0 |
_aHindus _zIndia _xBiography |
|
| 887 | _a | ||
| 901 |
_aDB65818 : _b19.08.1994 |
||
| 902 | _aE 294.555 R 141 mo | ||
| 904 | _l1563 | ||
| 949 |
_AVIRTUAITEM _D10000 _X100 _6DBA000065818ENG |
||
| 942 |
_2ddc _cBKS |
||
| 999 |
_aVIRTUA40 _c891704 _d891704 |
||
| 999 | _aVTLSSORT0080*0200*0400*0410*0440*0820*1000*2450*2600*3000*5040*6000*6500*6501*9010*9020*9040*9490*9992 | ||